La educación física desde una perspectiva interdisciplinar (Record no. 20603)

MARC details
000 -LEADER
campo de control de longitud fija 01699nmc a2200577 a 4500
003 - IDENTIFICADOR DE NÚMERO DE CONTROL
campo de control AR-BaBNM
005 - FECHA Y HORA DE LA ÚLTIMA TRANSACCIÓN
campo de control 20251128211645.0
008 - DATOS DE LONGITUD FIJA--INFORMACIÓN GENERAL
campo de control de longitud fija 195020s2003 ||||||||||||||000 | spa||
020 ## - NÚMERO INTERNACIONAL ESTÁNDAR DEL LIBRO
Número Internacional Estándar del Libro 84-7827-312-3
040 ## - FUENTE DE CATALOGACIÓN
Centro/agencia transcriptor AR-BaBNM
245 10 - MENCIÓN DEL TÍTULO
Título La educación física desde una perspectiva interdisciplinar
250 ## - MENCION DE EDICION
Mención de edición 1ª ed.
260 ## - PUBLICACIÓN, DISTRIBUCIÓN, ETC.
Lugar de publicación, distribución, etc. Caracas
Nombre del editor, distribuidor, etc. Laboratorio Educativo
Fecha de publicación, distribución, etc. 2003
Lugar de publicación, distribución, etc. Barcelona
Nombre del editor, distribuidor, etc. Grao
300 0# - DESCRIPCIÓN FÍSICA
Extensión 114 p. p.
490 #0 - MENCIÓN DE SERIE
Mención de serie Claves para la innovación educativa
Designación de volumen o secuencia 24
504 ## - NOTA DE BIBLIOGRAFÍA, ETC.
Nota de bibliografía, etc. Nota Incluye referencias bibliográficas al final de cada capítulo
650 #4 - PUNTO DE ACCESO ADICIONAL DE MATERIA--TÉRMINO DE MATERIA
Término de materia o nombre geográfico como elemento de entrada EDUCACION FISICA
650 #4 - PUNTO DE ACCESO ADICIONAL DE MATERIA--TÉRMINO DE MATERIA
Término de materia o nombre geográfico como elemento de entrada DEPORTE
650 #4 - PUNTO DE ACCESO ADICIONAL DE MATERIA--TÉRMINO DE MATERIA
Término de materia o nombre geográfico como elemento de entrada ENFOQUE INTERDISCIPLINARIO
653 #0 - TÉRMINO DE INDIZACIÓN--NO CONTROLADO
Término no controlado TEMAS TRANSVERSALES
653 ## - TÉRMINO DE INDIZACIÓN--NO CONTROLADO
Término no controlado EDUCACION EN VALORES
653 ## - TÉRMINO DE INDIZACIÓN--NO CONTROLADO
Término no controlado ADAPTACIONES CURRICULARES
653 ## - TÉRMINO DE INDIZACIÓN--NO CONTROLADO
Término no controlado EDUCACION PRIMARIA
653 ## - TÉRMINO DE INDIZACIÓN--NO CONTROLADO
Término no controlado EDUCACION INICIAL
653 ## - TÉRMINO DE INDIZACIÓN--NO CONTROLADO
Término no controlado EDUCACION SECUNDARIA
700 1# - ENTRADA AGREGADA--NOMBRE PERSONAL
Nombre de persona Allés, Elies
700 1# - ENTRADA AGREGADA--NOMBRE PERSONAL
Nombre de persona Amat, Mónica
700 1# - ENTRADA AGREGADA--NOMBRE PERSONAL
Nombre de persona Batalla, Albert
700 1# - ENTRADA AGREGADA--NOMBRE PERSONAL
Nombre de persona Campo, Juan del
700 1# - ENTRADA AGREGADA--NOMBRE PERSONAL
Nombre de persona Carranza, Marta
700 1# - ENTRADA AGREGADA--NOMBRE PERSONAL
Nombre de persona Comelles, Pep
700 1# - ENTRADA AGREGADA--NOMBRE PERSONAL
Nombre de persona Durán, Eva M.
700 1# - ENTRADA AGREGADA--NOMBRE PERSONAL
Nombre de persona Expósito, José
700 1# - ENTRADA AGREGADA--NOMBRE PERSONAL
Nombre de persona Fraile, Antonio
700 1# - ENTRADA AGREGADA--NOMBRE PERSONAL
Nombre de persona García, Montse
700 1# - ENTRADA AGREGADA--NOMBRE PERSONAL
Nombre de persona González Rebollo, Eva J.
700 1# - ENTRADA AGREGADA--NOMBRE PERSONAL
Nombre de persona Begoña Herrero, M.
700 1# - ENTRADA AGREGADA--NOMBRE PERSONAL
Nombre de persona López Fernández, Ramón
700 1# - ENTRADA AGREGADA--NOMBRE PERSONAL
Nombre de persona Llodrà, Joan
700 1# - ENTRADA AGREGADA--NOMBRE PERSONAL
Nombre de persona Marín, Luis Miguel
700 1# - ENTRADA AGREGADA--NOMBRE PERSONAL
Nombre de persona Mora, Josep María
700 1# - ENTRADA AGREGADA--NOMBRE PERSONAL
Nombre de persona Pérez Pérez, Valentín
700 1# - ENTRADA AGREGADA--NOMBRE PERSONAL
Nombre de persona Plans, Ester
700 1# - ENTRADA AGREGADA--NOMBRE PERSONAL
Nombre de persona Pinilla, Tomás
700 1# - ENTRADA AGREGADA--NOMBRE PERSONAL
Nombre de persona Ros, Joan
700 1# - ENTRADA AGREGADA--NOMBRE PERSONAL
Nombre de persona Torres, Carme
710 1# - ENTRADA AGREGADA--NOMBRE DE ENTIDAD CORPORATIVA
Nombre de entidad corporativa o nombre de jurisdicción como elemento de entrada Seminario de EF en Educación Infantil
710 1# - ENTRADA AGREGADA--NOMBRE DE ENTIDAD CORPORATIVA
Nombre de entidad corporativa o nombre de jurisdicción como elemento de entrada EU Magisterio de Segovia
942 ## - ELEMENTOS DE ENTRADA SECUNDARIOS (KOHA)
Tipo de ítem Koha Libros
998 ## - INFORMACIÓN DE CONTROL LOCAL (RLIN)
Iniciales del catalogador, CIN (RLIN) calidad
Holdings
Estatus retirado Estado de pérdida Fuente de la clasificación o esquema de estantería Estado de daño No para préstamo Biblioteca de origen Biblioteca actual Fecha de adquisición Fuente de adquisición Total de préstamos Signatura topográfica completa Código de barras Visto por última vez Precio de reemplazo Tipo de ítem Koha
    Clasificación Decimal Dewey     Liberty Liberty 28/11/2025 C-BP-0002   372.879 ALL 136846 28/11/2025 28/11/2025 Libros
    Clasificación Decimal Dewey     Liberty Liberty 28/11/2025 C-BP-0002   372.879 ALL 136847 28/11/2025 28/11/2025 Libros